LEADER 00966nam a2200229 i 4500 001 000000251938 003 CaOOAMICUS 005 20210811144245.0 008 161207s1851 xx u000 u fre u 013 $a230843 040 $aSeMil$bita 100 1 $aMartinet, Antoine <1802-1874>.$0(OLS)http://semarc/name/3080 245 13$aLa science sociale au point de vue des faits /$cpar M. l'abbé Martinet. 264 1$aParis :$bJacques Lecoffre et C.,$c1851$f(Typographie de Firmin Didot frères) 300 $aVIII, 445 p. ;$c21 cm. 650 4$aScienze sociali.$0(OLS)http://semarc/subject/2594 850 $aSeMil 852 $aSeMil$W1$xVenegono$y1$m3M III 38 FA$j202284$B202284$CSeMilBibl$Z2$F215001 $8I 961 $aRecupero: Mantegazza 996 $6245$aLa science sociale au point de vue des faits$9(OLS)http://semarc/title/45082 996 $6264$aParis :$bJacques Lecoffre et C.$9(OLS)http://semarc/publisher/31265 LEADER 01187nam a2200229 i 4500 001 000000230899 003 CaOOAMICUS 005 20140701000000.0 008 140701s1792 it u000 u ita u 013 $a209801 026 $aneto n-a' 5.ut (aPe (3) 1792 (R) 040 $aSeMil$bita 245 10$aDel Genesi. Tomo primo. 300 $aXXIII, [1], 468 p., [1] c. di tav. ripieg., [1] c. di tav. :$bantip. calcogr. 500 $aSegn. : *12 A-T12 V6. - Antiporta inc. da Giovanni Maria Pian. 700 1 $aPian, Giovanni Maria .$0(OLS)http://semarc/name/79505 773 0 $aGranelli, Giovanni, $tIstoria santa dell'Antico Testamento spiegata in lezioni morali, istoriche, critiche, e cronologiche, da Giovanni Granelli della Compagnia di Gesu con l'aggiunta delle lezioni sinora inedite sui libri di Giuditta, Ester, e Giobbe. Tomo 1. [-12.].$dIn Venezia : Presso Antonio Zatta e figli, 1792-1793.$g1$w()30093 850 $aSeMil 852 $aSeMil$W1$xVenegono$y1$m2W I 98 FA$j181245$B181245$CSeMilBibl$Z2$F192101 $8I 941 1 $a10 961 $aRecupero: Mantegazza 996 $6245$aDel Genesi. Tomo primo$9(OLS)http://semarc/title/329848